000
00240nam a22001217a 4500
041
_a
ENG
100
_a
Kurt.B
245
_a
LOntozes
260
_a
Budapest
_b
A Vizugyi Dokumetacios Es
_c
1978
300
_a
627
650
_a
48
856
_u
48
999
_c
3107
_d
3107